Methods of testing vulcanized rubber. Prt A 18. Determination of equilibrium water vapour absorption (Record no. 73233)

MARC details
000 -LEADER
fixed length control field 00480nam a2200133Ia 4500
245 #0 - TITLE STATEMENT
Title Methods of testing vulcanized rubber. Prt A 18. Determination of equilibrium water vapour absorption
260 ## - PUBLICATION, DISTRIBUTION, ETC. (IMPRINT)
Place of publication London
260 ## - PUBLICATION, DISTRIBUTION, ETC. (IMPRINT)
Year of publication 1956
Name of publisher British Standards Institution
490 ## - SERIES STATEMENT
Series statement British Standards
500 ## - GENERAL NOTE
General note Standard number: BS 903: Part A 18: 1956
650 ## - SUBJECT ADDED ENTRY--TOPICAL TERM
Topical Term Rubber vulcanized, eqilibrium water vapour absorption
942 ## - ADDED ENTRY ELEMENTS (KOHA)
Koha item type Standards
Holdings
Withdrawn status Lost status Damaged status Not for loan Home library Current library Date acquired Koha item type
      Standards RRII Library RRII Library 31/12/2021 Standards